00317nam a2200109 i 4500001000300000245002700003260002200030040000800052041000800060008004100068856009800109bg 0aMenschen im Jahr 2000. aFranfurkt,c1969. cBPK apol s pl f |000 0 pol  uhttp://koha.tu.koszalin.pl/cgi-bin/koha/opac-detail.pl?biblionumber=14052yKatalog online BPK